<?xml version="1.0" encoding="UTF-8"?>
<record
    xmlns:xsi="http://www.w3.org/2001/XMLSchema-instance"
    xsi:schemaLocation="http://www.loc.gov/MARC21/slim http://www.loc.gov/standards/marcxml/schema/MARC21slim.xsd"
    xmlns="http://www.loc.gov/MARC21/slim">

  <leader>02493cam a22003974a 4500</leader>
  <datafield tag="999" ind1=" " ind2=" ">
    <subfield code="c">3970</subfield>
    <subfield code="d">3970</subfield>
  </datafield>
  <controlfield tag="001">7784952</controlfield>
  <controlfield tag="003">Nust</controlfield>
  <controlfield tag="005">20180709082825.0</controlfield>
  <controlfield tag="008">090616s2010    enk      b    001 0 eng  </controlfield>
  <datafield tag="010" ind1=" " ind2=" ">
    <subfield code="a">  2009024749</subfield>
  </datafield>
  <datafield tag="020" ind1=" " ind2=" ">
    <subfield code="a">9780415487320 (pbk.)</subfield>
    <subfield code="c">Rs. 688</subfield>
  </datafield>
  <datafield tag="020" ind1=" " ind2=" ">
    <subfield code="a">0415487323 (pbk.)</subfield>
  </datafield>
  <datafield tag="020" ind1=" " ind2=" ">
    <subfield code="a">9780203864661 (eb)</subfield>
  </datafield>
  <datafield tag="020" ind1=" " ind2=" ">
    <subfield code="a">0203864662 (eb)</subfield>
  </datafield>
  <datafield tag="024" ind1=" " ind2=" ">
    <subfield code="a">99937688499</subfield>
  </datafield>
  <datafield tag="035" ind1=" " ind2=" ">
    <subfield code="a">(OCoLC)ocn352542384</subfield>
  </datafield>
  <datafield tag="035" ind1=" " ind2=" ">
    <subfield code="a">(OCoLC)352542384</subfield>
  </datafield>
  <datafield tag="035" ind1=" " ind2=" ">
    <subfield code="a">(NNC)7784952</subfield>
  </datafield>
  <datafield tag="038" ind1=" " ind2=" ">
    <subfield code="a">Arshad</subfield>
  </datafield>
  <datafield tag="040" ind1=" " ind2=" ">
    <subfield code="a">DLC</subfield>
    <subfield code="c">DLC</subfield>
    <subfield code="d">YDX</subfield>
    <subfield code="d">BWK</subfield>
    <subfield code="d">BWX</subfield>
    <subfield code="d">UKM</subfield>
  </datafield>
  <datafield tag="050" ind1="0" ind2="0">
    <subfield code="a">B1649</subfield>
    <subfield code="b">.R91 2010</subfield>
  </datafield>
  <datafield tag="082" ind1="0" ind2="0">
    <subfield code="a">192</subfield>
    <subfield code="2">22</subfield>
    <subfield code="b">RUS</subfield>
  </datafield>
  <datafield tag="100" ind1="1" ind2=" ">
    <subfield code="a">Russell, Bertrand,</subfield>
    <subfield code="d">1872-1970.</subfield>
    <subfield code="9">1985</subfield>
  </datafield>
  <datafield tag="245" ind1="1" ind2="0">
    <subfield code="a">Fact and fiction /</subfield>
    <subfield code="c">Bertrand Russell.</subfield>
  </datafield>
  <datafield tag="260" ind1=" " ind2=" ">
    <subfield code="a">London ;</subfield>
    <subfield code="a">New York :</subfield>
    <subfield code="b">Routledge,</subfield>
    <subfield code="c">c2010.</subfield>
  </datafield>
  <datafield tag="300" ind1=" " ind2=" ">
    <subfield code="a">xv, 304 p. ;</subfield>
    <subfield code="c">20 cm.</subfield>
  </datafield>
  <datafield tag="490" ind1="1" ind2=" ">
    <subfield code="a">Routledge classics</subfield>
  </datafield>
  <datafield tag="500" ind1=" " ind2=" ">
    <subfield code="a">Originally published: London : Allen &amp; Unwin, 1961.</subfield>
  </datafield>
  <datafield tag="504" ind1=" " ind2=" ">
    <subfield code="a">Includes bibliographical references and index.</subfield>
  </datafield>
  <datafield tag="505" ind1="0" ind2=" ">
    <subfield code="a">Introduction -- Part I: Books that influenced me in youth -- The importance of Shelley -- The romance of revolt -- Revolt in the abstract -- Disgust and its antidote -- An education in history -- The pursuit of truth -- Part II: Politics and education -- What is freedom? -- What is democracy? -- A scientist's plea for democracy -- The story of colonization -- Pros and cons of nationalism -- The reasoning of Europeans -- The world I should like to live in -- Old and young cultures -- Education for a difficult world -- University education -- Part III: Divertissements -- Cranks -- The right will prevail or the road to Lhasa -- Newly discovered maxims of La Rochefoucauld -- Nightmares -- The fisherman's nightmare or 'magna est veritas' -- The theologian's nightmare -- Dreams -- Jowett -- God -- Henry the Navigator -- Prince Napoleon Louis -- The catalogue -- Parables -- Planetary effulgence -- The misfortune of being out of date -- Murderers' fatherland -- Part IV: Peace and war -- Psychology and East-West tension -- War and peace in my lifetime -- The social responsibilities of scientists -- Three essentials for a stable world -- Population pressure and war -- Vienna address -- Manchester address -- What neutrals can do to save the world -- The case for British neutralism -- Can war be abolished? -- Human life is in danger.</subfield>
  </datafield>
  <datafield tag="650" ind1=" " ind2="0">
    <subfield code="a">Philosophy.</subfield>
    <subfield code="9">1793</subfield>
  </datafield>
  <datafield tag="830" ind1=" " ind2="0">
    <subfield code="a">Routledge classics.</subfield>
    <subfield code="9">11441</subfield>
  </datafield>
  <datafield tag="942" ind1=" " ind2=" ">
    <subfield code="2">ddc</subfield>
    <subfield code="c">BK</subfield>
  </datafield>
  <datafield tag="948" ind1="1" ind2=" ">
    <subfield code="a">20100609</subfield>
    <subfield code="b">c</subfield>
    <subfield code="c">sds12</subfield>
    <subfield code="d">MPS</subfield>
  </datafield>
  <datafield tag="952" ind1=" " ind2=" ">
    <subfield code="0">0</subfield>
    <subfield code="1">0</subfield>
    <subfield code="2">ddc</subfield>
    <subfield code="4">0</subfield>
    <subfield code="7">0</subfield>
    <subfield code="8">NFIC</subfield>
    <subfield code="a">CL</subfield>
    <subfield code="b">CL</subfield>
    <subfield code="c">CART</subfield>
    <subfield code="d">2016-12-01</subfield>
    <subfield code="e">Purchased</subfield>
    <subfield code="l">6</subfield>
    <subfield code="o">192 RUS</subfield>
    <subfield code="p">CL751</subfield>
    <subfield code="r">2026-05-13</subfield>
    <subfield code="s">2025-05-27</subfield>
    <subfield code="t">1</subfield>
    <subfield code="w">2016-12-01</subfield>
    <subfield code="y">BK</subfield>
  </datafield>
</record>
